Methods for Measuring Greenhouse Gas Balances and Evaluating Mitigation Options in Smallholder Agriculture / (Record no. 35554)

MARC details
000 -LEADER
fixed length control field 05542cam a22006375i 4500
001 - CONTROL NUMBER
control field 21770325
003 - CONTROL NUMBER IDENTIFIER
control field OSt
005 - DATE AND TIME OF LATEST TRANSACTION
control field 20220914094521.0
006 - FIXED-LENGTH DATA ELEMENTS--ADDITIONAL MATERIAL CHARACTERISTICS
fixed length control field m |o d |
007 - PHYSICAL DESCRIPTION FIXED FIELD--GENERAL INFORMATION
fixed length control field cr |||||||||||
008 - FIXED-LENGTH DATA ELEMENTS--GENERAL INFORMATION
fixed length control field 160823s2016 gw |||| o |||| 0|eng
010 ## - LIBRARY OF CONGRESS CONTROL NUMBER
LC control number 2019759728
020 ## - INTERNATIONAL STANDARD BOOK NUMBER
International Standard Book Number 9783319297941
024 7# - OTHER STANDARD IDENTIFIER
Standard number or code 10.1007/978-3-319-29794-1
Source of number or code doi
035 ## - SYSTEM CONTROL NUMBER
System control number (DE-He213)978-3-319-29794-1
040 ## - CATALOGING SOURCE
Original cataloging agency DLC
Language of cataloging eng
Description conventions pn
-- rda
Transcribing agency HU
072 #7 - SUBJECT CATEGORY CODE
Subject category code TEC003000
Source bisacsh
072 #7 - SUBJECT CATEGORY CODE
Subject category code TVB
Source bicssc
072 #7 - SUBJECT CATEGORY CODE
Subject category code TVB
Source thema
082 04 - DEWEY DECIMAL CLASSIFICATION NUMBER
Classification number 630 MET 2016
Edition number 23
245 00 - TITLE STATEMENT
Title Methods for Measuring Greenhouse Gas Balances and Evaluating Mitigation Options in Smallholder Agriculture /
Statement of responsibility, etc. edited by Todd S. Rosenstock, Mariana C. Rufino, Klaus Butterbach-Bahl, Lini Wollenberg, Meryl Richards.
250 ## - EDITION STATEMENT
Edition statement 1st ed. 2016.
264 #1 - PRODUCTION, PUBLICATION, DISTRIBUTION, MANUFACTURE, AND COPYRIGHT NOTICE
Place of production, publication, distribution, manufacture Cham :
Name of producer, publisher, distributor, manufacturer Springer International Publishing :
-- Imprint: Springer,
Date of production, publication, distribution, manufacture, or copyright notice 2016.
300 ## - PHYSICAL DESCRIPTION
Extent 1 online resource (XV, 203 pages 33 illustrations, 27 illustrations in color.)
336 ## - CONTENT TYPE
Content type term text
Content type code txt
Source rdacontent
337 ## - MEDIA TYPE
Media type term computer
Media type code c
Source rdamedia
338 ## - CARRIER TYPE
Carrier type term online resource
Carrier type code cr
Source rdacarrier
347 ## - DIGITAL FILE CHARACTERISTICS
File type text file
Encoding format PDF
Source rda
505 0# - FORMATTED CONTENTS NOTE
Formatted contents note Chapter 1 Introduction to the SAMPLES Approach -- Chapter 2 Targeting Landscapes to Identify Mitigation Options -- Chapter 3 Determining Greenhouse Gas Emissions and Removals Associated with Land Use and Land Cover Change -- Chapter 4 Quantifying Greenhouse Gas Emissions from Managed and Natural Soils -- Chapter 5 A Comparison of Methodologies for Measuring Methane Emissions from Ruminants -- Chapter 6 Quantifying Tree Biomass Carbon Stocks and Fluxes in Agricultural Landscapes -- Chapter 7 Methods for Smallholder Quantification of Soil Carbon Stocks and Stock Changes -- Chapter 8 Yield Estimation of Food and Non-Food Crops in Smallholder Production Systems -- Chapter 9 Scaling Point and Plot Measurements of Greenhouse Gas Fluxes, Balances and Intensities to Whole Farms and Landscapes -- Chapter 10 Methods for Environment-Productivity Trade-off Analysis in Agricultural Systems.
506 ## - RESTRICTIONS ON ACCESS NOTE
Standardized terminology for access restriction Unrestricted online access
520 ## - SUMMARY, ETC.
Summary, etc. This book provides standards and guidelines for quantifying greenhouse gas emissions and removals in smallholder agricultural systems and comparing options for climate change mitigation based on emission reductions and livelihood trade-offs. Globally, agriculture is directly responsible for about 11% of annual greenhouse gas (GHG) emissions and induces an additional 17% through land use change, mostly in developing countries. Farms in the developing countries of sub-Saharan Africa and Asia are predominately managed by smallholders, with 80% of land holdings smaller than ten hectares. However, little to no information exists on greenhouse gas emissions and mitigation potentials in smallholder agriculture. Greenhouse gas measurements in agriculture are expensive, time consuming, and error prone, challenges only exacerbated by the heterogeneity of smallholder systems and landscapes. Concerns over methodological rigor, measurement costs, and the diversity of approaches, coupled with the demand for robust information suggest it is germane for the scientific community to establish standards of measurements for quantifying GHG emissions from smallholder agriculture. Standard guidelines for use by scientists, development organizations will help generate reliable data on emissions baselines and allow rigorous comparisons of mitigation options. The guidelines described in this book, developed by the CGIAR Research Program on Climate Change, Agriculture, and Food Security (CCAFS) and partners, are intended to inform anyone conducting field measurements of agricultural greenhouse gas sources and sinks, especially to develop IPCC Tier 2 emission factors or to compare mitigation options in smallholder systems.
588 ## - SOURCE OF DESCRIPTION NOTE
Source of description note Description based on publisher-supplied MARC data.
650 #0 - SUBJECT ADDED ENTRY--TOPICAL TERM
Topical term or geographic name entry element Agriculture.
9 (RLIN) 22882
650 #0 - SUBJECT ADDED ENTRY--TOPICAL TERM
Topical term or geographic name entry element Air pollution.
9 (RLIN) 37048
650 #0 - SUBJECT ADDED ENTRY--TOPICAL TERM
Topical term or geographic name entry element Climate change.
9 (RLIN) 36940
650 #0 - SUBJECT ADDED ENTRY--TOPICAL TERM
Topical term or geographic name entry element Environmental management.
9 (RLIN) 8102
650 #0 - SUBJECT ADDED ENTRY--TOPICAL TERM
Topical term or geographic name entry element Soil conservation.
9 (RLIN) 20832
650 #0 - SUBJECT ADDED ENTRY--TOPICAL TERM
Topical term or geographic name entry element Soil science.
9 (RLIN) 27607
650 14 - SUBJECT ADDED ENTRY--TOPICAL TERM
Topical term or geographic name entry element Agriculture.
Authority record control number or standard number https://scigraph.springernature.com/ontologies/product-market-codes/L11006
9 (RLIN) 22882
650 24 - SUBJECT ADDED ENTRY--TOPICAL TERM
Topical term or geographic name entry element Atmospheric Protection/Air Quality Control/Air Pollution.
Authority record control number or standard number https://scigraph.springernature.com/ontologies/product-market-codes/U35010
9 (RLIN) 37049
650 24 - SUBJECT ADDED ENTRY--TOPICAL TERM
Topical term or geographic name entry element Climate Change.
Authority record control number or standard number https://scigraph.springernature.com/ontologies/product-market-codes/U12007
9 (RLIN) 36940
650 24 - SUBJECT ADDED ENTRY--TOPICAL TERM
Topical term or geographic name entry element Environmental Management.
Authority record control number or standard number https://scigraph.springernature.com/ontologies/product-market-codes/U17009
9 (RLIN) 8102
650 24 - SUBJECT ADDED ENTRY--TOPICAL TERM
Topical term or geographic name entry element Soil Science & Conservation.
Authority record control number or standard number https://scigraph.springernature.com/ontologies/product-market-codes/U28000
9 (RLIN) 33094
700 1# - ADDED ENTRY--PERSONAL NAME
Personal name Butterbach-Bahl, Klaus.
Relator term editor.
9 (RLIN) 37050
700 1# - ADDED ENTRY--PERSONAL NAME
Personal name Richards, Meryl.
Relator term editor.
9 (RLIN) 37051
700 1# - ADDED ENTRY--PERSONAL NAME
Personal name Rosenstock, Todd S.
Relator term editor.
9 (RLIN) 37052
700 1# - ADDED ENTRY--PERSONAL NAME
Personal name Rufino, Mariana C.
Relator term editor.
9 (RLIN) 37053
700 1# - ADDED ENTRY--PERSONAL NAME
Personal name Wollenberg, Lini.
Relator term editor.
9 (RLIN) 37054
776 08 - ADDITIONAL PHYSICAL FORM ENTRY
Relationship information Print version:
Title Methods for measuring greenhouse gas balances and evaluating migration options in smallholder agriculture
International Standard Book Number 9783319297927
Record control number (DLC) 2016933777
776 08 - ADDITIONAL PHYSICAL FORM ENTRY
Relationship information Printed edition:
International Standard Book Number 9783319297927
776 08 - ADDITIONAL PHYSICAL FORM ENTRY
Relationship information Printed edition:
International Standard Book Number 9783319297934
776 08 - ADDITIONAL PHYSICAL FORM ENTRY
Relationship information Printed edition:
International Standard Book Number 9783319806563
856 40 - ELECTRONIC LOCATION AND ACCESS
Path gdcebookspublic
Electronic name 2019759728
Uniform Resource Identifier <a href="https://hdl.loc.gov/loc.gdc/gdcebookspublic.2019759728">https://hdl.loc.gov/loc.gdc/gdcebookspublic.2019759728</a>
906 ## - LOCAL DATA ELEMENT F, LDF (RLIN)
a 0
b ibc
c origres
d u
e ncip
f 20
g y-gencatlg
942 ## - ADDED ENTRY ELEMENTS (KOHA)
Source of classification or shelving scheme Dewey Decimal Classification
Koha item type Books like text book referance book
Suppress in OPAC No
Holdings
Withdrawn status Lost status Source of classification or shelving scheme Damaged status Not for loan Collection code Home library Current library Shelving location Date acquired Total Checkouts Full call number Barcode Date last seen Copy number Price effective from Koha item type
    Dewey Decimal Classification     Reference Wondo Genet Library Wondo Genet Library General Stacks 09/14/2022   630 MET 2016 WGCFNRL00020144 09/14/2022 1 09/14/2022 Books like text book referance book
    Dewey Decimal Classification     Reference Wondo Genet Library Wondo Genet Library General Stacks 09/20/2022   630 MET 3016 WGCFNRL00020192 09/20/2022 2 09/20/2022 Books like text book referance book